00510nam a2200193 a 4500001001300000003000900013005001700022008004100039020001000080082001600090100001700106245003900123260004400162300000800206500003500214505001400249650003600263700001700299nice12345678IN_TiNIC20260116012419.0050524s1981 boma grp 000 0 eng  ac10000a291.82bSHE aShenk, David aHoly Book of Godb an Introduction aBombaybGospel Literature Servicec1981 a69p aincludes index and biblioraphy2 afootnotes aComparative Religion-Scriptures1 aShenk, David